|
|
|
|
| LEADER |
04400nam a2200517 4500 |
| 001 |
978-3-319-75142-9 |
| 003 |
DE-He213 |
| 005 |
20191027142120.0 |
| 007 |
cr nn 008mamaa |
| 008 |
180410s2018 gw | s |||| 0|eng d |
| 020 |
|
|
|a 9783319751429
|9 978-3-319-75142-9
|
| 024 |
7 |
|
|a 10.1007/978-3-319-75142-9
|2 doi
|
| 040 |
|
|
|d GrThAP
|
| 050 |
|
4 |
|a JF1525.P6
|
| 072 |
|
7 |
|a JPP
|2 bicssc
|
| 072 |
|
7 |
|a POL028000
|2 bisacsh
|
| 072 |
|
7 |
|a JPP
|2 thema
|
| 082 |
0 |
4 |
|a 320.6
|2 23
|
| 100 |
1 |
|
|a Edwards Jr., D. Brent.
|e author.
|4 aut
|4 http://id.loc.gov/vocabulary/relators/aut
|
| 245 |
1 |
0 |
|a Global Education Policy, Impact Evaluations, and Alternatives
|h [electronic resource] :
|b The Political Economy of Knowledge Production /
|c by D. Brent Edwards Jr.
|
| 250 |
|
|
|a 1st ed. 2018.
|
| 264 |
|
1 |
|a Cham :
|b Springer International Publishing :
|b Imprint: Palgrave Macmillan,
|c 2018.
|
| 300 |
|
|
|a XIII, 157 p. 1 illus.
|b online resource.
|
| 336 |
|
|
|a text
|b txt
|2 rdacontent
|
| 337 |
|
|
|a computer
|b c
|2 rdamedia
|
| 338 |
|
|
|a online resource
|b cr
|2 rdacarrier
|
| 347 |
|
|
|a text file
|b PDF
|2 rda
|
| 505 |
0 |
|
|a 1. Introduction -- 2. Knowledge production, the World Bank, and Global Education Reform -- 3. Critically Reviewing Impact Evaluations within the Political Economy of Global Education Reform -- 4. Methods -- 5. The Reform Context of El Salvador: Structural Transformation During a Civil War -- 6. EDUCO's Emergence -- 7. Impact Evaluations of EDUCO: A Critical Review -- 8. What Can We Say About EDUCO? -- 9. Implications: National and International -- 10. Conclusions: Persistent Limitations and Alternative Approaches. .
|
| 520 |
|
|
|a This book contributes to how we conceptualize and investigate the role and influence of knowledge production by international organizations within the field of global education reform. After elaborating on what it means to approach the intersection of these issues from a political economy perspective, the book develops a focus on knowledge production broadly to examine specifically the production of impact evaluations, which have come to be seen by many as the most credible form of policy-relevant knowledge. Moreover, it not only unpacks the methodological, technical, political, and organizational challenges in the production of impact evaluations, but also details an approach to critically understanding and examining the role that impact evaluations, once produced, play within the political economy of global education reform more generally. Finally, this book demonstrates the application of this approach in relation to a global education policy from El Salvador and reflects on the implications of this case for alternative ways forward, methodologically and otherwise. D. Brent Edwards Jr. is Assistant Professor of Theory and Methodology in the Study of Education at the University of Hawaiʻi, Mānoa, USA. His research focuses on the political economy of education reform and global education policies. He was previously a Visiting Scholar at the University of Amsterdam, The Netherlands, a Fulbright Scholar at the University of Central America, El Salvador, and a Post-Doctoral Researcher at The University of Tokyo, Japan.
|
| 650 |
|
0 |
|a Public policy.
|
| 650 |
|
0 |
|a Legislative bodies.
|
| 650 |
|
0 |
|a Educational policy.
|
| 650 |
|
0 |
|a Education and state.
|
| 650 |
|
0 |
|a Latin America-Politics and government.
|
| 650 |
1 |
4 |
|a Public Policy.
|0 http://scigraph.springernature.com/things/product-market-codes/911060
|
| 650 |
2 |
4 |
|a Legislative and Executive Politics.
|0 http://scigraph.springernature.com/things/product-market-codes/911240
|
| 650 |
2 |
4 |
|a Educational Policy and Politics.
|0 http://scigraph.springernature.com/things/product-market-codes/O19000
|
| 650 |
2 |
4 |
|a Latin American Politics.
|0 http://scigraph.springernature.com/things/product-market-codes/911150
|
| 710 |
2 |
|
|a SpringerLink (Online service)
|
| 773 |
0 |
|
|t Springer eBooks
|
| 776 |
0 |
8 |
|i Printed edition:
|z 9783319751412
|
| 776 |
0 |
8 |
|i Printed edition:
|z 9783319751436
|
| 776 |
0 |
8 |
|i Printed edition:
|z 9783030091569
|
| 856 |
4 |
0 |
|u https://doi.org/10.1007/978-3-319-75142-9
|z Full Text via HEAL-Link
|
| 912 |
|
|
|a ZDB-2-POS
|
| 950 |
|
|
|a Political Science and International Studies (Springer-41174)
|